000 00935nam a2200145Ia 4500
008 231221s9999 xx 000 0 und d
041 _aEnglish
082 _aCPEC15-1094
100 _aSkanda Bhardwaj. Sumukha, B N. Kumar, R C. Simha, S.
245 2 _aA Methodology For Detection And Localization Of Dynamite Fishing
260 _c2015
500 _aA Methodology For Detection And Localization Of Dynamite Fishing Skanda Bhardwaj1, B.N. Sumukha1, R.C. Kumar1, S. Simha2, H.S. Jamadagni2 and Koshy George1 1Dept. of Telecommunication Engineering, PES Institute of Technology (now PES University), Bangalore. 2Dept. of Electronic System Engineering, Indian Institute of Science, Bangalore Proceedings of the 12th IEEE India International Conference (INDICON 2015), New Delhi, India
650 _aMethodology,Detection,Localization,Dynamite,Fishing
942 _cIR
999 _c233619
_d233619